000 00648nam a2200205Ii 4500
003 JO-AjNU
008 230605s9999||||xx |||||||||||||| ||und||
017 _a1987/226
040 _aJO-AjNU
_bara
_erda
_cJO-AjNU
041 _aara
050 1 4 _aK3165.K57.1987
100 3 _a الحديثي ، محمد جاسم ,
_eauthor
_938827
245 0 0 _aكتاب قانون السياسة ودستور الرئاسية
250 _a(د،ط)
264 3 1 _aالعراق -- دار الشؤون الثقافية ، 1987
300 _a261ص
336 _atext
_btxt
_2rdacontent
337 _aunmediated
_bn
_2rdamedia
338 _avolume
_bnc
_2rdacarrier
999 _aA16345
_c19913
_d19913